[Event "Imperia op-A 61st"]
[Site "Imperia"]
[Date "2019.09.08"]
[Round "9.3"]
[White "Salvador, Roland"]
[Black "Angelini, Marco"]
[Result "1-0"]
[WhiteElo "2409"]
[BlackElo "2252"]
[PlyCount "69"]
[EventDate "2019.09.01"]
[EventType "swiss"]
[EventRounds "9"]
[EventCountry "ITA"]
[SourceTitle "EXT 2024"]
[Source "ChessBase"]
[SourceDate "2023.10.10"]
[SourceVersion "1"]
[SourceVersionDate "2023.10.10"]
[SourceQuality "1"]

1. d4 d5 2. Nf3 e6 3. c4 c6 4. e3 Nf6 5. Nc3 Nbd7 6. Qc2 Be7 7. g4 dxc4 8. Bxc4 b5 9. Be2 a6 10. e4 h6 11. Rg1 b4 12. Na4 Bb7 13. g5 hxg5 14. Nxg5 Qa5 15. Bd2 c5 16. e5 cxd4 17. exf6 Nxf6 18. Rc1 Rc8 19. Qxc8+ Bxc8 20. Rxc8+ Bd8 21. Nc5 0-0 22. Ngxe6 fxe6 23. Nxe6 Re8 24. Bc4 Rxe6+ 25. Bxe6+ Kh7 26. Rg5 Qb6 27. Bf7 Qd6 28. Kd1 d3 29. Bg6+ Kg8 30. Bxb4 Qd7 31. Ra8 Ne8 32. Re5 Nc7 33. Rf5 Ne6 34. Rxd8+ Qxd8 35. Bf7+ 1-0

[Event "Imperia op-A 61st"]
[Site "Imperia"]
[Date "2019.09.01"]
[Round "1.5"]
[White "Pavesi, Brando"]
[Black "Angelini, Marco"]
[Result "1/2-1/2"]
[WhiteElo "1994"]
[BlackElo "2252"]
[PlyCount "147"]
[EventDate "2019.09.01"]
[EventType "swiss"]
[EventRounds "9"]
[EventCountry "ITA"]
[SourceTitle "EXT 2024"]
[Source "ChessBase"]
[SourceDate "2023.10.10"]
[SourceVersion "1"]
[SourceVersionDate "2023.10.10"]
[SourceQuality "1"]

1. d4 Nf6 2. Bf4 g6 3. Nc3 d5 4. e3 Bg7 5. h4 c6 6. Be2 h5 7. Nf3 Bg4 8. Qd2 Nbd7 9. 0-0-0 b5 10. Ng5 b4 11. Na4 Qa5 12. b3 Nb6 13. Bxg4 Nxa4 14. bxa4 hxg4 15. a3 c5 16. dxc5 Qxa4 17. Qxb4 Qc6 18. Be5 Rc8 19. Bd4 0-0 20. f3 gxf3 21. gxf3 Nh5 22. Bxg7 Kxg7 23. e4 Qxc5 24. Qxc5 Rxc5 25. Rxd5 Rxd5 26. exd5 Nf4 27. Rd1 Rd8 28. c4 Rc8 29. Kb2 Rxc4 30. d6 exd6 31. Rxd6 Rc7 32. Kb3 Ng2 33. Rd4 Ne3 34. Nh3 Nf5 35. Re4 Kh6 36. a4 Rc1 37. Ng5 f6 38. Nf7+ Kg7 39. Nd8 Rf1 40. Ne6+ Kh6 41. Rf4 Re1 42. Nc5 Rh1 43. Nd7 Kg7 44. Nc5 Rxh4 45. Rxh4 Nxh4 46. f4 Ng2 47. Nd3 Kf7 48. Kc4 Ke6 49. Kb5 Kf5 50. Ka6 Nxf4 51. Nf2 Nd5 52. Kxa7 Ke6 53. Kb7 f5 54. Nd3 Kd6 55. a5 Nc7 56. Ne5 f4 57. Nf7+ Ke7 58. Ng5 Kd7 59. Nf3 Ne6 60. Ne5+ Kd6 61. Nxg6 f3 62. Nh4 f2 63. Nf5+ Kc5 64. Ng3 Kb5 65. a6 Nc5+ 66. Kc7 Nxa6+ 67. Kd6 Kc4 68. Ke5 Kd3 69. Kf4 Nc5 70. Kf3 Ne4 71. Nf1 Kd4 72. Ke2 Ke5 73. Ng3 Nxg3+ 74. Kxf2 1/2-1/2

[Event "ITA-chTA 51st"]
[Site "Brixen Bressanone"]
[Date "2019.04.28"]
[Round "4.4"]
[White "Borgo, Giulio"]
[Black "Angelini, Marco"]
[Result "1/2-1/2"]
[WhiteElo "2362"]
[BlackElo "2229"]
[PlyCount "87"]
[EventDate "2019.04.26"]
[EventType "team-swiss"]
[EventRounds "7"]
[EventCountry "ITA"]
[SourceTitle "CBM 190 Extra"]
[Source "ChessBase"]
[SourceDate "2019.07.15"]
[SourceVersion "1"]
[SourceVersionDate "2019.07.15"]
[SourceQuality "1"]
[WhiteTeam "Cerianese Scacchistica"]
[BlackTeam "Novara Scacchistica"]
[WhiteTeamCountry "ITA"]
[BlackTeamCountry "ITA"]

1. e4 c5 2. Nf3 d6 3. Bb5+ Nd7 4. c3 Ngf6 5. Qe2 a6 6. Ba4 e6 7. 0-0 Be7 8. d4 b5 9. Bc2 Bb7 10. Re1 cxd4 11. cxd4 Rc8 12. a3 Qc7 13. Nc3 Nb6 14. Bd3 0-0 15. Bg5 h6 16. Bh4 Nh5 17. Bxe7 Qxe7 18. g3 e5 19. Rad1 Nf6 20. Bb1 Rfe8 21. Nh4 g6 22. d5 Nc4 23. Rc1 Rc7 24. a4 Qd7 25. axb5 axb5 26. Bd3 Rec8 27. Na2 Ra8 28. b3 Na3 29. Nb4 Rxc1 30. Rxc1 Qd8 31. Qd2 Kg7 32. h3 Qb6 33. Nf3 Nd7 34. Bf1 Nc5 35. Qe3 Qa5 36. Na2 b4 37. Nd2 Ba6 38. Bxa6 Rxa6 39. f4 Nb5 40. fxe5 Qxa2 41. exd6 Nd7 42. e5 Qb2 43. Nc4 Qd4 44. e6 1/2-1/2

[Event "Alassio West End op 2nd"]
[Site "Alassio"]
[Date "2016.09.30"]
[Round "1"]
[White "Grasso, Gabriele"]
[Black "Angelini, Marco"]
[Result "0-1"]
[WhiteElo "1709"]
[BlackElo "2203"]
[PlyCount "64"]
[EventDate "2016.09.30"]
[EventType "swiss"]
[EventRounds "5"]
[EventCountry "ITA"]
[SourceTitle "EXT 2018"]
[Source "ChessBase"]
[SourceDate "2017.10.13"]
[SourceVersion "1"]
[SourceVersionDate "2017.10.13"]
[SourceQuality "1"]

1. d4 Nf6 2. Nf3 g6 3. c4 Bg7 4. Nc3 d5 5. Bg5 Ne4 6. cxd5 Nxg5 7. Nxg5 e6 8. Nf3 exd5 9. e3 0-0 10. b4 c6 11. Be2 b6 12. Qb3 Be6 13. Na4 Nd7 14. Rc1 Rc8 15. Qc2 Qe7 16. a3 Rc7 17. 0-0 Rfc8 18. Ba6 Rb8 19. Bd3 Ra8 20. Ba6 Bf8 21. Qd2 Qd8 22. Rc3 b5 23. Nc5 Bxc5 24. bxc5 Nb8 25. Bxb5 cxb5 26. Rb1 a6 27. Ne5 f6 28. Nd3 Bf5 29. Rb2 Bxd3 30. Qxd3 Nc6 31. Rb1 Qe7 32. Qe2 Nxd4 0-1

[Event "Arolo di Leggiuno op 4th"]
[Site "Arolo di Leggiuno"]
[Date "2015.05.10"]
[Round "4"]
[White "Angelini, Marco"]
[Black "Montilli, Vincenzo"]
[Result "1/2-1/2"]
[WhiteElo "2218"]
[BlackElo "2181"]
[PlyCount "86"]
[EventDate "2015.05.08"]
[EventType "swiss"]
[EventRounds "5"]
[EventCountry "ITA"]
[SourceTitle "CBM 166 Extra"]
[Source "ChessBase"]
[SourceDate "2015.06.18"]
[SourceVersion "1"]
[SourceVersionDate "2015.06.18"]
[SourceQuality "1"]

1. e4 e6 2. d4 d5 3. Nc3 Nf6 4. Bg5 Be7 5. e5 Nfd7 6. Bxe7 Qxe7 7. f4 0-0 8. Nf3 f6 9. exf6 Qxf6 10. g3 c5 11. dxc5 Nxc5 12. Bg2 Nc6 13. 0-0 d4 14. Nb5 Rd8 15. Qd2 a6 16. Na3 d3 17. c3 Rb8 18. Nc4 b5 19. Nfe5 Ne7 20. Na5 Bd7 21. b4 Na4 22. Nb7 Be8 23. Nxd8 Rxd8 24. Rf3 Bg6 25. Nxg6 hxg6 26. Rc1 Qf5 27. Re3 a5 28. Be4 Qf6 29. Rxd3 Rxd3 30. Bxd3 axb4 31. cxb4 Qd4+ 32. Kf1 Nb2 33. Ke2 Qd5 34. Rf1 Nxd3 35. Qxd3 Qxa2+ 36. Kf3 Qxh2 37. Qd8+ Kf7 38. Qd3 Nf5 39. Qd7+ Kf8 40. Qd8+ Kf7 41. Qc7+ Kg8 42. Qd8+ Kf7 43. Qd7+ Kf8 1/2-1/2

[Event "Arolo di Leggiuno op 4th"]
[Site "Arolo di Leggiuno"]
[Date "2015.05.09"]
[Round "3"]
[White "Medici, Simone"]
[Black "Angelini, Marco"]
[Result "0-1"]
[WhiteElo "2091"]
[BlackElo "2218"]
[PlyCount "105"]
[EventDate "2015.05.08"]
[EventType "swiss"]
[EventRounds "5"]
[EventCountry "ITA"]
[SourceTitle "CBM 166 Extra"]
[Source "ChessBase"]
[SourceDate "2015.06.18"]
[SourceVersion "1"]
[SourceVersionDate "2015.06.18"]
[SourceQuality "1"]

1. e4 c5 2. Nc3 e6 3. Nf3 a6 4. d4 cxd4 5. Nxd4 b5 6. Be3 Bb7 7. Bd3 d6 8. a3 Nf6 9. f4 Nbd7 10. 0-0 Be7 11. Qe2 Qc7 12. Rae1 0-0 13. Nb3 Rfe8 14. g4 Nc5 15. Nd2 Bf8 16. g5 Nfd7 17. h4 Rad8 18. h5 g6 19. Qf2 Nxd3 20. cxd3 Nc5 21. Qe2 d5 22. d4 Nxe4 23. Ncxe4 dxe4 24. Rc1 Qd7 25. Qg2 Bg7 26. Nb3 Qd5 27. Rc3 gxh5 28. Rfc1 Qf5 29. Nc5 Ba8 30. Rd1 Rd6 31. Rc2 Red8 32. Nb3 Bd5 33. Na5 Ba8 34. Nb3 Qg4 35. Qxg4 hxg4 36. Rg2 a5 37. Rgd2 a4 38. Nc5 h5 39. Kf2 h4 40. b3 Kh7 41. bxa4 bxa4 42. Nxa4 g3+ 43. Kg2 Ra6 44. Nc3 Rxa3 45. Rc2 Kg6 46. Kh3 Kh5 47. Bc1 Rb3 48. Be3 Rc8 49. Rdc1 Rc4 50. Nd1 Rxc2 51. Rxc2 Rd3 52. Rc1 Bd5 53. Bg1 0-1

[Event "Varese op 13th"]
[Site "Varese"]
[Date "2014.10.12"]
[Round "5"]
[White "Angelini, Marco"]
[Black "Montilli, Vincenzo"]
[Result "1/2-1/2"]
[WhiteElo "2219"]
[BlackElo "2122"]
[PlyCount "35"]
[EventDate "2014.10.10"]
[EventType "swiss"]
[EventRounds "5"]
[EventCountry "ITA"]
[SourceTitle "EXT 2016"]
[Source "ChessBase"]
[SourceDate "2015.10.08"]
[SourceVersion "1"]
[SourceVersionDate "2015.10.08"]
[SourceQuality "1"]

1. e4 c5 2. Nf3 d6 3. d4 cxd4 4. Nxd4 Nf6 5. Nc3 a6 6. f3 b5 7. Be3 Bb7 8. Qd2 Nbd7 9. g4 Nb6 10. g5 Nfd7 11. h4 e6 12. 0-0-0 Rc8 13. Bd3 Be7 14. Qf2 Rxc3 15. bxc3 Qc7 16. Ne2 0-0 17. h5 Rc8 18. g6 1/2-1/2

[Event "Varese op 13th"]
[Site "Varese"]
[Date "2014.10.11"]
[Round "3"]
[White "Angelini, Marco"]
[Black "Rodolfo Masera, Luca"]
[Result "1-0"]
[WhiteElo "2219"]
[BlackElo "1919"]
[PlyCount "93"]
[EventDate "2014.10.10"]
[EventType "swiss"]
[EventRounds "5"]
[EventCountry "ITA"]
[SourceTitle "EXT 2016"]
[Source "ChessBase"]
[SourceDate "2015.10.08"]
[SourceVersion "1"]
[SourceVersionDate "2015.10.08"]
[SourceQuality "1"]

1. c4 Nf6 2. g3 g6 3. Bg2 Bg7 4. Nc3 c5 5. Nf3 0-0 6. 0-0 Nc6 7. d4 d6 8. d5 Nb4 9. h3 e6 10. e4 exd5 11. cxd5 Nd7 12. Bf4 Qe7 13. Re1 f6 14. Rb1 b6 15. a3 Na6 16. Nb5 Ne5 17. Nxe5 fxe5 18. Be3 Nc7 19. Nxc7 Qxc7 20. Qd2 Bd7 21. Rbc1 b5 22. b3 a6 23. Rf1 Rac8 24. f4 Rf7 25. fxe5 Bxe5 26. Rxf7 Kxf7 27. Rf1+ Kg8 28. Qf2 Bg7 29. Qf7+ Kh8 30. Bf4 c4 31. bxc4 bxc4 32. Qe7 Bb5 33. Qxc7 Rxc7 34. Bxd6 Bd4+ 35. Kh2 Rc8 36. a4 Bxa4 37. e5 c3 38. e6 c2 39. Ba3 Be3 40. d6 c1Q 41. Bxc1 Rxc1 42. d7 Bb6 43. Rxc1 Kg7 44. Rc8 Kf6 45. d8Q+ Bxd8 46. Rxd8 Kxe6 47. Bf1 1-0

[Event "Biella op"]
[Site "Biella"]
[Date "2014.09.28"]
[Round "5"]
[White "Angelini, Marco"]
[Black "Siclari, Giovanni"]
[Result "1-0"]
[WhiteElo "2232"]
[BlackElo "2144"]
[PlyCount "87"]
[EventDate "2014.09.26"]
[EventType "swiss"]
[EventRounds "5"]
[EventCountry "ITA"]
[SourceTitle "EXT 2016"]
[Source "ChessBase"]
[SourceDate "2015.10.08"]
[SourceVersion "1"]
[SourceVersionDate "2015.10.08"]
[SourceQuality "1"]

1. e4 c5 2. Nf3 e6 3. d4 cxd4 4. Nxd4 Nc6 5. g3 Qc7 6. Bg2 a6 7. a4 d6 8. 0-0 Bd7 9. Nc3 Nf6 10. Nb3 Be7 11. f4 h6 12. Be3 0-0 13. g4 Nh7 14. a5 Bf6 15. Bb6 Qb8 16. Qd2 Be8 17. Rad1 g5 18. Be3 Be7 19. Ne2 Qc7 20. Bb6 Qc8 21. Rf3 f5 22. exf5 exf5 23. gxf5 g4 24. Rg3 Nf6 25. Nbd4 Bd7 26. Qe3 Re8 27. Qb3+ Kh7 28. Ne6 Nxa5 29. Bxa5 Bxe6 30. Qxe6 Qc5+ 31. Nd4 Qxa5 32. Qf7+ Kh8 33. Ne6 Qb6+ 34. Kh1 Rg8 35. Qxe7 Nh5 36. Qh4 Nxg3+ 37. hxg3 Kh7 38. Qe7+ Kh8 39. Qh4 Kh7 40. Ng5+ Kg7 41. f6+ Kxf6 42. Ne4+ Kg7 43. Qf6+ Kh7 44. Ng5+ 1-0

[Event "Novara op-A"]
[Site "Novara"]
[Date "2013.11.01"]
[Round "1"]
[White "Montilli, Vincenzo"]
[Black "Angelini, Marco"]
[Result "1/2-1/2"]
[WhiteElo "2020"]
[BlackElo "2263"]
[PlyCount "111"]
[EventDate "2013.11.01"]
[EventType "swiss"]
[EventRounds "5"]
[EventCountry "ITA"]
[SourceTitle "EXT 2014"]
[Source "ChessBase"]
[SourceDate "2013.11.20"]
[SourceVersion "1"]
[SourceVersionDate "2013.11.20"]
[SourceQuality "1"]

1. d4 d5 2. c4 e6 3. Nc3 c6 4. e4 dxe4 5. Nxe4 Bb4+ 6. Bd2 Qxd4 7. Bxb4 Qxe4+ 8. Be2 Na6 9. Ba5 Bd7 10. Qd6 Nf6 11. 0-0-0 Qf5 12. Bc3 0-0-0 13. f3 Qc5 14. Qg3 Qf8 15. Qg5 Ne8 16. Nh3 f6 17. Qe3 c5 18. Nf4 Nec7 19. Bd3 e5 20. Ne2 Qf7 21. f4 exf4 22. Nxf4 Rhe8 23. Qf2 Bc6 24. b3 g6 25. Rhe1 f5 26. h4 b6 27. Bb1 Rxe1 28. Rxe1 Nb8 29. Nh3 Qg8 30. Be5 Nd7 31. Bd6 Ne6 32. h5 Re8 33. hxg6 hxg6 34. Bd3 Nf6 35. Bg3 Ne4 36. Bxe4 Bxe4 37. Be5 Rd8 38. Re2 Qe8 39. Rd2 Rxd2 40. Qxd2 Qd7 41. g3 Qxd2+ 42. Kxd2 g5 43. Bf6 g4 44. Ng5 Nxg5 45. Bxg5 a6 46. a3 Kd7 47. Bf4 b5 48. Kc3 Kc6 49. Be5 Bg2 50. b4 bxc4 51. Kxc4 Bf1+ 52. Kc3 c4 53. Bf4 Kb5 54. Bb8 Ka4 55. Bc7 Kxa3 56. Bf4 1/2-1/2

[Event "Biella op-A 4th"]
[Site "Biella"]
[Date "2013.09.29"]
[Round "4"]
[White "Angelini, Marco"]
[Black "Salvador, Roland"]
[Result "0-1"]
[WhiteElo "2267"]
[BlackElo "2461"]
[PlyCount "64"]
[EventDate "2013.09.27"]
[EventType "swiss"]
[EventRounds "5"]
[EventCountry "ITA"]
[SourceTitle "CBM 156 Extra"]
[Source "ChessBase"]
[SourceDate "2013.10.22"]
[SourceVersion "1"]
[SourceVersionDate "2013.10.22"]
[SourceQuality "1"]

1. e4 c6 2. d4 g6 3. Nc3 Bg7 4. Nf3 d6 5. Be2 Nd7 6. 0-0 Qc7 7. Be3 Ngf6 8. h3 b5 9. a3 0-0 10. Qd2 Re8 11. Bh6 e5 12. Bxg7 Kxg7 13. Rfe1 Bb7 14. Rad1 Rad8 15. Nh2 a6 16. Bf3 h5 17. Nf1 exd4 18. Qxd4 Ne5 19. Qd2 Nxf3+ 20. gxf3 d5 21. Qg5 Re5 22. Qg3 h4 23. Qh2 dxe4 24. Rxd8 Rg5+ 25. Kh1 Qxd8 26. fxe4 c5 27. f3 b4 28. axb4 cxb4 29. Nd1 Nxe4 30. fxe4 Qxd1 31. Qe2 Qd4 32. Qe3 Bxe4+ 0-1

[Event "Lesa op 2nd"]
[Site "Lesa"]
[Date "2013.09.22"]
[Round "4"]
[White "Naumkin, Igor"]
[Black "Angelini, Marco"]
[Result "1/2-1/2"]
[WhiteElo "2461"]
[BlackElo "2267"]
[PlyCount "30"]
[EventDate "2013.09.20"]
[EventType "swiss"]
[EventRounds "5"]
[EventCountry "ITA"]
[SourceTitle "EXT 2015"]
[Source "ChessBase"]
[SourceDate "2014.11.20"]
[SourceVersion "1"]
[SourceVersionDate "2014.11.20"]
[SourceQuality "1"]

1. d4 d5 2. c4 e6 3. Nc3 c6 4. e3 Nf6 5. Nf3 Nbd7 6. Qc2 Bd6 7. Bd3 0-0 8. 0-0 b6 9. e4 dxe4 10. Nxe4 e5 11. d5 Bb7 12. dxc6 Bxc6 13. Bg5 Qc7 14. Qe2 Bc5 15. Rad1 Rfe8 1/2-1/2

[Event "Omegna op 1st"]
[Site "Omegna"]
[Date "2013.07.07"]
[Round "6"]
[White "Angelini, Marco"]
[Black "Montilli, Vincenzo"]
[Result "1-0"]
[WhiteElo "2265"]
[BlackElo "2015"]
[PlyCount "45"]
[EventDate "2013.07.04"]
[EventType "swiss"]
[EventRounds "6"]
[EventCountry "ITA"]
[SourceTitle "EXT 2014"]
[Source "ChessBase"]
[SourceDate "2013.11.20"]
[SourceVersion "1"]
[SourceVersionDate "2013.11.20"]
[SourceQuality "1"]

1. e4 c5 2. Nf3 d6 3. d4 cxd4 4. Nxd4 Nf6 5. Nc3 a6 6. Be2 b5 7. f4 e5 8. Nf3 Nbd7 9. a4 b4 10. Nd5 Nxe4 11. Bc4 Bb7 12. Qe2 Ndc5 13. Be3 Be7 14. Bxc5 Nxc5 15. fxe5 0-0 16. 0-0 Ra7 17. Nxe7+ Qxe7 18. exd6 Qxd6 19. Rad1 Bxf3 20. Rxf3 Qb6 21. a5 Qg6 22. Qf2 Qc6 23. Rxf7 1-0

[Event "Omegna op 1st"]
[Site "Omegna"]
[Date "2013.07.06"]
[Round "4"]
[White "Angelini, Marco"]
[Black "Luciani, Valerio"]
[Result "1/2-1/2"]
[WhiteElo "2265"]
[BlackElo "2260"]
[PlyCount "42"]
[EventDate "2013.07.04"]
[EventType "swiss"]
[EventRounds "6"]
[EventCountry "ITA"]
[SourceTitle "EXT 2014"]
[Source "ChessBase"]
[SourceDate "2013.11.20"]
[SourceVersion "1"]
[SourceVersionDate "2013.11.20"]
[SourceQuality "1"]

1. e4 e6 2. Nf3 d5 3. Nc3 Nf6 4. e5 Nfd7 5. d4 a6 6. Bf4 c5 7. dxc5 Nxc5 8. Qd2 Nc6 9. h4 b5 10. a3 b4 11. axb4 Nxb4 12. Nd4 Bd7 13. h5 Be7 14. Be2 0-0 15. 0-0 Nc6 16. Nxc6 Bxc6 17. Bf3 Nd7 18. Ne2 Bb5 19. Rfe1 Bxe2 20. Qxe2 Rb8 21. c3 a5 1/2-1/2

[Event "Omegna op 1st"]
[Site "Omegna"]
[Date "2013.07.06"]
[Round "5"]
[White "Medici, Simone"]
[Black "Angelini, Marco"]
[Result "0-1"]
[WhiteElo "2109"]
[BlackElo "2265"]
[PlyCount "65"]
[EventDate "2013.07.04"]
[EventType "swiss"]
[EventRounds "6"]
[EventCountry "ITA"]
[SourceTitle "EXT 2014"]
[Source "ChessBase"]
[SourceDate "2013.11.20"]
[SourceVersion "1"]
[SourceVersionDate "2013.11.20"]
[SourceQuality "1"]

1. d4 Nf6 2. c4 e6 3. Nc3 d5 4. Bg5 Be7 5. e3 0-0 6. Nf3 Nbd7 7. Bd3 h6 8. Bh4 b6 9. 0-0 Bb7 10. cxd5 exd5 11. Rc1 Re8 12. Bg3 a6 13. Bxc7 Qxc7 14. Nxd5 Qd6 15. Nc7 Rac8 16. Nxe8 Rxe8 17. h3 Bd8 18. Re1 Ne4 19. Nd2 Nxd2 20. Qxd2 Nf6 21. Qc2 Ne4 22. a3 Ng5 23. Bc4 Re7 24. Qf5 Bc7 25. f4 Ne4 26. Bd3 g6 27. Qg4 f5 28. Qe2 b5 29. Rc2 g5 30. Bxe4 Bxe4 31. Rd2 gxf4 32. exf4 Qxf4 33. Qe3 0-1

[Event "Ceriano Laghetto op 22nd"]
[Site "Ceriano Laghetto"]
[Date "2013.03.02"]
[Round "2"]
[White "Angelini, Marco"]
[Black "Lapiccirella, Daniele"]
[Result "1-0"]
[WhiteElo "2251"]
[BlackElo "2187"]
[PlyCount "57"]
[EventDate "2013.03.01"]
[EventType "swiss"]
[EventRounds "5"]
[EventCountry "ITA"]
[SourceTitle "EXT 2014"]
[Source "ChessBase"]
[SourceDate "2013.11.20"]
[SourceVersion "1"]
[SourceVersionDate "2013.11.20"]
[SourceQuality "1"]

1. e4 c5 2. Nf3 e6 3. d4 cxd4 4. Nxd4 Nc6 5. Nc3 a6 6. g3 Qc7 7. Bg2 d6 8. a4 Bd7 9. Nb3 Nf6 10. a5 Ne5 11. f4 Nc4 12. Qe2 Be7 13. 0-0 e5 14. h3 Rc8 15. g4 h6 16. g5 hxg5 17. fxg5 Nh5 18. Nd5 Qc6 19. Rf3 Nf4 20. Bxf4 exf4 21. Rc3 Bxg5 22. Nb6 f3 23. Qxf3 Be3+ 24. Rxe3 Nxe3 25. Qxe3 Rd8 26. e5 Qxc2 27. exd6+ Be6 28. d7+ Kf8 29. Nd4 1-0

[Event "Novara op 2nd"]
[Site "Novara"]
[Date "2012.11.03"]
[Round "2"]
[White "Angelini, Marco"]
[Black "Petkov, Vladimir"]
[Result "0-1"]
[WhiteElo "2258"]
[BlackElo "2566"]
[PlyCount "50"]
[EventDate "2012.11.02"]
[EventType "swiss"]
[EventRounds "5"]
[EventCountry "ITA"]
[SourceTitle "EXT 2013"]
[Source "ChessBase"]
[SourceDate "2012.11.22"]
[SourceVersion "1"]
[SourceVersionDate "2012.11.22"]
[SourceQuality "1"]

1. e4 c5 2. Nf3 d6 3. c3 Nf6 4. Be2 g6 5. d3 Bg7 6. 0-0 0-0 7. h3 Nc6 8. Be3 e5 9. Qc1 Be6 10. Bh6 d5 11. Bxg7 Kxg7 12. Rd1 d4 13. Nbd2 Nh5 14. Nc4 Nf4 15. Bf1 Qf6 16. Nh2 h5 17. a3 Rfd8 18. b4 dxc3 19. Qxc3 Nd4 20. Qb2 cxb4 21. axb4 Rac8 22. Rxa7 Bxc4 23. dxc4 Nf3+ 24. Nxf3 Rxd1 25. Nxe5 Rcd8 0-1

[Event "Imperia op-A 54th"]
[Site "Imperia"]
[Date "2012.09.08"]
[Round "8"]
[White "Sanchez, Joseph"]
[Black "Angelini, Marco"]
[Result "1-0"]
[WhiteElo "2534"]
[BlackElo "2223"]
[PlyCount "83"]
[EventDate "2012.09.02"]
[EventType "swiss"]
[EventRounds "9"]
[EventCountry "ITA"]
[SourceTitle "EXT 2014"]
[Source "ChessBase"]
[SourceDate "2013.11.20"]
[SourceVersion "1"]
[SourceVersionDate "2013.11.20"]
[SourceQuality "1"]

1. e4 c5 2. Nf3 d6 3. d4 cxd4 4. Nxd4 Nf6 5. Nc3 a6 6. Be3 e6 7. Qd2 Nbd7 8. f3 b5 9. g4 Nb6 10. 0-0-0 Bb7 11. Qf2 Nfd7 12. Bd3 Rc8 13. Nce2 Qc7 14. Kb1 Be7 15. g5 0-0 16. h4 d5 17. g6 hxg6 18. h5 g5 19. Rhg1 dxe4 20. fxe4 Nc5 21. Bxg5 Bxg5 22. Rxg5 f6 23. Rg4 Rf7 24. Nf4 Re8 25. Ng6 Nc4 26. h6 gxh6 27. Ne5+ Rg7 28. Rxg7+ Qxg7 29. Nxc4 bxc4 30. Rg1 cxd3 31. Rxg7+ Kxg7 32. Qg3+ Kf7 33. Qc7+ Kg8 34. cxd3 Rc8 35. Qe7 Nxd3 36. Qxe6+ Kh7 37. Qf7+ Kh8 38. Qxf6+ Kh7 39. a3 Nc5 40. e5 Be4+ 41. Ka2 Bd5+ 42. b3 1-0